التعريفات / (رقم التسجيلة. 87835)

تفاصيل مارك
000 -الفاتح
عناصر البيانات ثابتة الطول 00707cam a2200193 i 4500
005 - تاريخ ووقت آخر معاملة
حقل ضبط 20251117083053.0
008 - عناصر البيانات ثابتة الطول
عناصر البيانات ثابتة الطول 250721s2003 ua gr 000 0 ara d
020 ## - الترقيم الدولي المعياري للكتب (ردمك)
الترقيم الدولي المعياري للكتب (ردمك) 9772503093
082 14 - رقم تصنيف ديوي العشري
رقم التصنيف 210.3
رقم المادة ع ب ا
100 1# - مدخل رئيسي – اسم شخصي
الاسم الشخصي الجرجاني، علي بن محمد بن علي.
علاقة الشخص بالعمل/ دوره مؤلف.
245 12 - بيان العنوان
العنوان التعريفات /
بيان المسؤولية تأليف الشريف علي بن محمد علي الجرجاني الحنفي.
264 31 - بيانات النشر، التوزيع…إلخ
مكان النشر، التوزيع...إلخ القاهرة :
اسم الناشر، الموزع...إلخ مكتبة القرآن للطبع والنشر والتوزيع،
تاريخ النشر، التوزيع...إلخ 2003.
300 ## - الوصف المادي
عدد الوحدات المكونة للوعاء 255 صفحة.
650 17 - مدخل إضافي بالموضوع - مصطلح موضوعي
مصطلح موضوعي أو اسم جغرافي كعنصر مدخل الإسلام.
650 17 - مدخل إضافي بالموضوع - مصطلح موضوعي
مصطلح موضوعي أو اسم جغرافي كعنصر مدخل الموسوعات.
650 17 - مدخل إضافي بالموضوع - مصطلح موضوعي
مصطلح موضوعي أو اسم جغرافي كعنصر مدخل علم المعاجم.
942 ## - بيانات إضافية (كوها)
نوع التنصيف Dewey Decimal Classification
نوع المادة (كوها) كتب
المقتنيات
حالة السحب حالة الفقدان مصدر التصنيف حالة التلف غير قابل للإعارة المكتبة الرئيسية المكتبة الحالية موقع الرف تاريخ التزويد الرقم المتسلسل Total Checkouts رقم الإستدعاء الباركود تاريخ آخر ظهور تاريخ الفاتورة نوع المادة (كوها)
    Dewey Decimal Classification     المكتبة المركزية المكتبة المركزية الإعارة 28/07/2025 1626349   210.3 / ع ب ا PLD00389882 28/07/2025 28/07/2025 كتب
Implemented & Customized by: BBB with SCIT (Smart Chains for Information Technology)

Powered by Koha